The Islamic Culture (Record no. 13563)
[ view plain ]
| 000 -LEADER | |
|---|---|
| fixed length control field | 00216nam a22000857a 4500 |
| 100 ## - MAIN ENTRY--AUTHOR NAME | |
| Personal name | Sheikh Zayed Islamic Center |
| 245 ## - TITLE STATEMENT | |
| Title | The Islamic Culture |
| 260 ## - PUBLICATION, DISTRIBUTION, ETC. (IMPRINT) | |
| Place of publication | Karachi Pakistan |
| Name of publisher | University of Karachi |
| Year of publication | 2007 |
| 942 ## - ADDED ENTRY ELEMENTS (KOHA) | |
| Koha item type | Books |
| Withdrawn status | Lost status | Collection code | Permanent Location | Current Location | Shelving location | Date acquired | Accession Number | Koha item type |
|---|---|---|---|---|---|---|---|---|
| | | Islamic Studies | MAJU | MAJU | Shelf No.A-9 | 2022-12-16 | 10710 | Islamic Studies |